Top 100 Baby Girl Names in 2000 (USA) - Statistics

General Stats
  • This quiz has been taken 335 times
  • The average score is 64 of 100
Answer Stats
Hint Answer % Correct
E Emily
97%
E Emma
95%
H Hannah
94%
J Jessica
91%
S Sara
91%
S Sarah
91%
E Elizabeth
90%
O Olivia
90%
M Mary
88%
V Victoria
87%
A Anna
85%
J Jennifer
84%
M Maria
83%
A Ashley
82%
G Grace
81%
S Samantha
81%
I Isabel
80%
S Sophia
80%
K Katherine
79%
L Lauren
79%
A Alexa
78%
C Catherine
78%
J Julia
78%
K Kathryn
78%
M Madison
78%
A Abigail
76%
I Isabella
76%
R Rachel
76%
K Katie
75%
M Mia
75%
R Rebecca
75%
A Amanda
74%
H Haley
74%
L Laura
74%
A Alexandra
73%
A Alexandria
73%
B Breanna
73%
C Chloe
73%
A Alexis
72%
B Brianna
72%
B Briana
70%
D Danielle
70%
K Kayla
70%
S Stephanie
70%
T Taylor
70%
A Allison
69%
N Nicole
69%
M Megan
68%
H Hailey
67%
N Natalie
66%
Z Zoe
66%
M Melissa
65%
B Brooke
64%
M Michelle
64%
C Christina
63%
K Kimberly
62%
M Molly
62%
B Brittany
61%
J Jasmine
61%
V Vanessa
61%
F Faith
60%
A Amber
59%
C Caroline
59%
A Alyssa
58%
C Caitlin
58%
K Kaitlyn
58%
K Katelyn
58%
M Madeline
58%
M Morgan
56%
C Claire
55%
G Gabriella
55%
L Leah
55%
J Jenna
54%
A Andrea
53%
E Erin
53%
A Angela
52%
G Gabrielle
52%
J Jordan
51%
S Savannah
50%
M Mackenzie
49%
C Courtney
48%
K Kaylee
48%
P Paige
47%
B Bailey
43%
S Sydney
42%
D Destiny
40%
S Sierra
38%
C Cassandra
37%
J Jada
37%
M Makayla
37%
J Jacqueline
36%
A Autumn
35%
K Kelsey
35%
M Mariah
31%
M Marissa
31%
S Sabrina
31%
T Trinity
28%
S Shelby
21%
L Leslie
20%
C Cheyanne
10%
No matching quizzes found
Score Distribution
Percent of People with Each Score
Percentile by Number Answered
Your Score History
You have not taken this quiz